Algebre geometrique
Αποθηκεύτηκε σε:
| Κύριος συγγραφέας: | |
|---|---|
| Μορφή: | Βιβλίο |
| Γλώσσα: | French |
| Δημοσίευση: |
Paris :
Gauthier-Villars,
1967.
|
| Σειρά: | Cahiers scientifiques
|
| Θέματα: | |
| Ετικέτες: |
Προσθήκη ετικέτας
Δεν υπάρχουν, Καταχωρήστε ετικέτα πρώτοι!
|
MARC
| LEADER | 00000cam a2200000 a 4500 | ||
|---|---|---|---|
| 001 | 1/117793 | ||
| 008 | 190115t1967####fr | ||| |||| ||fre|| | ||
| 040 | |a GR-MyUa |b gre |c GR-MyUa |e AACR2 | ||
| 041 | 0 | |a fre | |
| 082 | 7 | |a 516 |2 (23) | |
| 100 | 1 | |a Artin, Emil |d 1898-1962. | |
| 245 | 1 | 0 | |a Algebre geometrique / |c par E. Artin ; traduit par M. Lazard, avant-propos de M. G. Gulia. |
| 260 | |a Paris : |b Gauthier-Villars, |c 1967. | ||
| 300 | |a x, 214 σ. ; |c 24 εκ. | ||
| 490 | 1 | |a (Cahiers scientifiques ; |v fasc. 27) | |
| 534 | |p Μεταφραση του: |t Geometric algebra. | ||
| 504 | |a Περιέχει βιβλιογραφικές αναφορές και ευρετήριο. | ||
| 650 | 0 | |a Algebras, Linear. | |
| 650 | 0 | |a Geometry, Projective. | |
| 650 | 0 | |a Geometry, Non-Euclidean. | |
| 650 | 0 | |a Algebraic fields. | |
| 765 | 0 | 8 | |t Geometric algebra / |
| 830 | 0 | |a Cahiers scientifiques | |
| 852 | |a INST |b SAMOS |e 20190115 |h 516 ART |p 005300045723 |q 005300045723 |t BK |y 0 | ||
| 970 | |a Γουβάλα |b Βάσω |z 14-01-2019 | ||